Treinta y tres siglos de la historia de los Imazighen Beréberes

Uloženo v:
Podrobná bibliografie
Hlavní autor: Chafik, Mohammed (Autor)
Médium: Kniha
Jazyk:španělština
Vydáno: Coquimbo Centro Mohammed VI 2013
Vydání:1a. ed
Témata:
Tagy: Přidat tag
Žádné tagy, Buďte první, kdo vytvoří štítek k tomuto záznamu!

MARC

LEADER 00000cam a2200000 a 4500
001 UCE1128
003 CL-VaPUC
008 140331e20130000cl |||||||||||||||||spa|d
020 |a 9789568888343 
082 0 4 |a 960  |b CHA  |2 21 
100 0 |a Chafik, Mohammed  |e author  |9 573506 
245 1 0 |a Treinta y tres siglos de la historia de los Imazighen Beréberes 
250 |a 1a. ed 
300 |a 146 p 
942 |c BK 
945 |d 20140331 09:48:00  |a dcastane 
260 |a Coquimbo  |b Centro Mohammed VI  |c 2013 
650 7 |a HISTORIA DE AFRICA  |2 CL-VaPUC  |9 437682 
650 7 |a BEREBERES  |2 CL-VaPUC  |9 445408 
650 0 |a Árabes  |9 316264 
583 |a last modification  |c 20140331 09:48:00  |k Rodrigo Vera 
999 |c 355037  |d 355035 
952 |0 0  |1 0  |3 erb  |4 0  |6 960_000000000000000_CHA_2013  |7 0  |8 A  |9 461376  |a BIBGIM  |b BIBGIM  |i 5064082  |o 960 CHA 2013  |p 5064082  |r 2025-01-15  |w 2019-11-23  |y BK  |z Catalogado en:20140331  |k ARA 
952 |0 0  |1 0  |3 erb  |4 0  |6 960_000000000000000_CHA_2013  |7 0  |8 A  |9 461377  |a BIBGIM  |b BIBGIM  |i 5064090  |o 960 CHA 2013  |p 5064090  |r 2025-01-15  |w 2019-11-23  |y BK  |z Catalogado en:20140331  |k ARA 
952 |0 0  |1 0  |3 erb  |4 0  |6 960_000000000000000_CHA_2013  |7 0  |8 A  |9 461378  |a BIBHIS  |b BIBHIS  |i 5063973  |o 960 CHA 2013  |p 5063973  |r 2025-01-20  |w 2019-11-23  |y BK  |z Catalogado en:20140331  |k HIS